Riverdale Character Quiz - Statistics

General Stats
  • This quiz has been taken 346 times
  • The average score is 14 of 15
Answer Stats
Hint Answer % Correct
Archie's girlfriend Veronica Lodge
99%
Blonde main character Betty Cooper
97%
Betty's red-headed neighbour Archie Andrews
96%
Veronica's father Hiram Lodge
96%
Cheryl's brother Jason Blossom
96%
Betty's boyfriend Jughead Jones
96%
Betty's red-headed cousin Cheryl Blossom
95%
Jughead's father F.P. Jones
95%
Betty's mother Alice Cooper
94%
Betty's father Hal Cooper
92%
Veronica's mother Hermione Lodge
91%
Cheryl's mother Penelope Blossom
85%
Cheryl's pink-haired serpent girlfriend Toni Topaz
83%
Owner of the Chock'lit Shoppe Pop Tate
82%
Betty's brother Charles Smith
60%
No matching quizzes found
Score Distribution
Percent of People with Each Score
Percentile by Number Answered
Your Score History
You have not taken this quiz